El autobus magico en el museo encantado : (Record no. 17603)

MARC details
000 -LEADER
fixed length control field 01668nam a2200349 a 4500
001 - CONTROL NUMBER
control field z9livm b1079043
003 - CONTROL NUMBER IDENTIFIER
control field DLC
005 - DATE AND TIME OF LATEST TRANSACTION
control field 20180528165545.0
008 - FIXED-LENGTH DATA ELEMENTS--GENERAL INFORMATION
fixed length control field 941102s1995 nyu j 000 0 spa u
010 ## - LIBRARY OF CONGRESS CONTROL NUMBER
LC control number 94040025 /AC
020 ## - INTERNATIONAL STANDARD BOOK NUMBER
International Standard Book Number 0590205498 (pbk.)
020 ## - INTERNATIONAL STANDARD BOOK NUMBER
International Standard Book Number 9780590205498 (pbk.)
040 ## - CATALOGING SOURCE
Transcribing agency sjds
041 1# - LANGUAGE CODE
Language code of text/sound track or separate title spa
Language code of original eng
090 ## - LOCALLY ASSIGNED LC-TYPE CALL NUMBER (OCLC); LOCAL CALL NUMBER (OCLC)
Classification number (OCLC) (R) ; Classification number, CALL (RLIN) (NR) jSPAN 534 BEE
100 1# - MAIN ENTRY--PERSONAL NAME
Personal name Beech, Linda.
245 13 - TITLE STATEMENT
Title El autobus magico en el museo encantado :
Remainder of title un libro sobre los sonidos : from an episode of the animated TV series /
Statement of responsibility, etc. produced by Scholastic Productions, Inc. ; based on the Magic school bus books written by Joanna Cole and illustrated by Bruce Degen ; TV tie-in adaptation by Linda Beech and illustrated by Joel Schick ; TV script written by Kristin Laskas Martin, John May, and Jocelyn Stevenson ; Spanish translation by Teresa Mlawer.
246 30 - VARYING FORM OF TITLE
Title proper/short title Magic school bus in the haunted museum.
250 ## - EDITION STATEMENT
Edition statement Spanish.
260 ## - PUBLICATION, DISTRIBUTION, ETC. (IMPRINT)
Place of publication, distribution, etc. New York :
Name of publisher, distributor, etc. Scholastic Inc.,
Date of publication, distribution, etc. c1995.
300 ## - PHYSICAL DESCRIPTION
Extent [30] p. :
Other physical details col. ill. ;
Dimensions 26 cm.
500 ## - GENERAL NOTE
General note Translation of "The Magic School bus in the haunted museum."
520 ## - SUMMARY, ETC.
Summary, etc. The class is going to give a concert at the Sound Museum. On the way, the Magic School bus breaks down--in front of a big, old haunted house where the kids hear lots of weird noises. Ms. Frizzle and the kids enter at their own risk. But once inside they learn all about sound.
650 #0 - SUBJECT ADDED ENTRY--TOPICAL TERM
Topical term or geographic name as entry element Sound.
650 #0 - SUBJECT ADDED ENTRY--TOPICAL TERM
Topical term or geographic name as entry element Music
General subdivision Acoustics and physics.
650 #0 - SUBJECT ADDED ENTRY--TOPICAL TERM
Topical term or geographic name as entry element Musical instruments.
650 #0 - SUBJECT ADDED ENTRY--TOPICAL TERM
Topical term or geographic name as entry element Spanish language materials.
700 1# - ADDED ENTRY--PERSONAL NAME
Personal name Schick, Joel.
700 1# - ADDED ENTRY--PERSONAL NAME
Personal name Cole, Joanna.
710 2# - ADDED ENTRY--CORPORATE NAME
Corporate name or jurisdiction name as entry element Scholastic Productions.
942 ## - ADDED ENTRY ELEMENTS (KOHA)
Source of classification or shelving scheme Dewey Decimal Classification
Koha item type Libro/Book
Holdings
Withdrawn status Lost status Damaged status Not for loan Home library Current library Date acquired Total Checkouts Barcode Date last seen Price effective from Koha item type Source of classification or shelving scheme
        Barbudos -- Satellite Barbudos -- Satellite 24/03/2017   35800882 24/03/2017 24/03/2017 Libro/Book  
        Las Brisas 1 -- Satellite Las Brisas 1 -- Satellite 14/05/2019   40001805 14/05/2019 14/05/2019 Libro/Book Dewey Decimal Classification
        Zaragoza -- Satellite Zaragoza -- Satellite 14/06/2017   35501507 14/06/2017 14/06/2017 Libro/Book Dewey Decimal Classification

Powered by Koha